Retorno de migrantes a México: su reformulación conceptual /

Salvato in:
Dettagli Bibliografici
Autore principale: Moctezuma L., Miguel
Natura: testo
Tags: Aggiungi Tag
Nessun Tag, puoi essere il primo ad aggiungerne!!

MARC

LEADER 00000 a a2200000 04500
001 46255
003
040
100 |a Moctezuma L., Miguel  
245 |a Retorno de migrantes a México:   |b su reformulación conceptual /  |c Miguel Moctezuma L.  
773 |g volumen19, número77 (2013), páginas 149-175 : tablas, gráficos, mapa  
999 |c 21868  |d 21868